Normal view
MARC view
Entry Topical Term
001 - CONTROL NUMBER
- control field: 6864
003 - CONTROL NUMBER IDENTIFIER
- control field: BD-RjUL
005 - DATE AND TIME OF LATEST TRANSACTION
- control field: 20230206171332.0
008 - FIXED-LENGTH DATA ELEMENTS
- fixed length control field: 230206|| aca||aabn | a|a d
040 ## - CATALOGING SOURCE
- Original cataloging agency: BD-RjUL
- Transcribing agency: BD-RjUL
150 ## - HEADING--TOPICAL TERM
- Topical term or geographic name entry element: Social conditions
- Geographic subdivision: Arab
- Chronological subdivision: Umayyads period
670 ## - SOURCE DATA FOUND
- Source citation: Work cat.: (BD-RjUL)80861: বারী, মো: রশীদুল 6070, উমাইয়া যুগের সমাজ ও সংস্কৃতি = Society and Culture under the Ummayyads /, ২০১৯